Nus & Culottés-Les émissions - Statistiques

Statistiques générales
  • Ce quiz a été pris 5 fois
  • Le résultat moyen est 22 sur 92
Statistiques - réponses
Episode Indices Titre (objectif...) +quête % Correct
S8 E2 Rencontrer... ...Matthieu Chedid
100%
S3 E3 Objectif... ...Suisse
100%
S2 E1 Objectif... ...Belgique
80%
S4 E3 Objectif... ...Irlande
80%
S2 E2 Objectif... ...Islande
80%
S8 E2 Objectif... ...M
80%
S2 E6 Objectif... ...Paris
80%
S1 E2 Objectif... ...Alpes
60%
S4 E1 Objectif... ...Autriche
60%
S2 E5 Objectif... ...Bretagne
60%
S1 E4 Objectif... ...Corse
60%
S4 E1 Dormir... ...dans un igloo
60%
S3 E1 Objectif... ...Italie
60%
S7 E2 Objectif... ...La Réunion
60%
S1 E6 Objectif... ...Maroc
60%
S7 E1 Objectif... ...Norvège
60%
S6 E2 Objectif... ...Québec/Lac Saint-Jean
60%
S6 E3 Objectif... ...Québec/Lac Saint-Jean
60%
S4 E2 Objectif... ...Sicile
60%
S1 E3 Boire... ...un thé avec un Lord
60%
S1 E3 Objectif... ...Angleterre
40%
S7 E4 Objectif... ...Danemark
40%
S1 E4 Faire... ...du parapente
40%
S1 E5 Voler... ...en montgolfière
40%
S10 E4 Objectif... ...Jura
40%
S6 E1 Objectif... ...Montréal
40%
S2 E4 Objectif ...Pyrénées
40%
S2 E3 Objectif... ...Sardaigne
40%
S2 E5 Rencontrer... ...un druide en Bretagne
40%
S2 E4 Voir... ...un ours sauvage
40%
S5 E4 Objectif... ...Amsterdam
20%
S1 E5 Objectif... ...Auvergne
20%
S5 E1 Objectif... ...Caraibes
20%
S7 E1 Prendre un bain... ...de minuit dans un fjord
20%
S10 E2 Organiser un concert... ...de piano au pied d’un glacier
20%
S10 E3 Organiser un concert... ...de piano au pied d’un glacier
20%
S3 E4 Objectif... ...Ecosse
20%
S1 E1 Objectif... ...Hollande
20%
S9 E1 Objectif... ...Ile de Ré
20%
S9 E4 Objectif... ...Landes
20%
S2 E2 Contempler... ...les aurores boréales en Islande
20%
S5 E3 Objectif... ...Londres
20%
S11 E3 Objectif... ...Lot
20%
S9 E1 Réinventer... ...Noël
20%
S9 E3 Objectif... ...Pyrénées-Orientales
20%
S7 E3 Objectif... ...Rodrigues
20%
S5 E4 Récupérer... ...une caravane
20%
S3 E1 Rencontrer... ...une chanteuse d'opéra
20%
S5 E3 Rencontrer... ...un super héros à Londres
20%
S4 E3 Trouver... ...un trèfle à 4 feuilles en Irlande
20%
S12 E2 Aller déposer... ...un trésor dans la Méditerranée
20%
S7 E2 Enterrer... ...un trésor sur l'île de la Réunion
20%
S5 E1 Rencontrer... ...un vieux pirate
20%
S11 E3 Et l'aider... ...à réaliser son rêve
0%
S1 E2 Faire un... ...bonhomme de neige au sommet d’un pic alpin
0%
S11 E2 Créer un rassemblement pour... ...célébrer les grands-mères
0%
S5 E2 Faire un... ...château de sable sur une île déserte près d'Ibiza
0%
S9 E2 Objectif... ...Corsica
0%
S1 E6 Aller... ...dans une oasis
0%
S3 E4 Passer une nuit... ...dans un manoir hanté
0%
S7 E4 Passer une nuit... ...dans un phare
0%
S11 E1 Organiser un concert... ...de Gospel au sommet d'un volcan
0%
S3 E3 Trouver... ...de l'or en Suisse
0%
S4 E2 Faire griller... ...des chamallows sur un volcan
0%
S11 E2 Objectif... ...Dordogne
0%
S3 E2 Faire l'ascension... ...du Mont Aiguille
0%
S10 E5 Descendre la Rance... ...en radeau ou en canoë pour rejoindre la mer
0%
S10 E3 Objectif... ...Hautes-Alpes: concerto pour un glacier
0%
S10 E2 Objectif... ...Hautes-Alpes: prélude pour un glacier
0%
S5 E2 Objectif... ...Ibiza
0%
S1 E1 Rejoindre... ...la Hollande en tandem
0%
S12 E1 Rencontrer... ...le grand méchant loup pour lui chanter une berceuse
0%
S12 E1 Objectif... ...Les forêts du Morvan
0%
S11 E1 Objectif... ...les volcans d'Auvergne
0%
S10 E5 Objectif... ...Manche
0%
S3 E2 Objectif... ...Mont Aiguille
0%
S12 E2 Objectif... ...mystère
0%
S5 E4 Et se faire... ...remorquer jusqu'à Amsterdam
0%
S9 E2 Faire de la luge... ...sur une montagne enneigée avec vue sur la mer
0%
S2 E6 Organiser... ...un bivouac sur les toits de la capitale
0%
S7 E3 Offrir... ...un cadeau aux centenaires de l'île Rodrigues
0%
S2 E1 Manger... ...un chocolat avec le roi des Belges
0%
S6 E2 Construire... ...une cabane au bord du lac Saint-Jean
0%
S6 E3 Construire ...une cabane au bord du lac Saint-Jean
0%
S2 E3 Peindre... ...une fresque sur la grande île italienne
0%
S6 E1 Rencontrer... ...une grande chanteuse québécoise
0%
S9 E3 Trouver... ...une grotte pour y dormir
0%
S11 E3 Rencontrer... ...un inconnu
0%
S8 E3 Construire... ...un jacuzzi en haut d'une montagne
0%
S9 E4 Construire... ...un land art géant sur une plage
0%
S10 E4 Construire... ...un sauna à Mouthe
0%
S8 E3 Objectif... ...Vallée d'Ossau
0%
Aucun quiz correspondant
Distribution des résultats
% des personnes avec chaque résultat
Percentile par nombre de réponses
Votre historique - résultats
Vous n’avez pas pris ce quiz